| 000 | 00465nam a22001457a 4500 | ||
|---|---|---|---|
| 082 |
_a618.95054 _bHOD _cL-32, P-32 |
||
| 100 |
_aHodge, E.H.Vere _940157 |
||
| 245 |
_aBirch's management and medical treatment of children in India and the trpics _cHodge, E.H.Vere |
||
| 250 | _a8th | ||
| 260 |
_aIndia _bThacker, Spink & Co Ltd _c1933 |
||
| 300 |
_axi, 377 p. : _bill, ; _c20 cm. |
||
| 526 |
_a0 _b0 _c0 _d618_950540000000000_HOD |
||
| 650 |
_aMCE _9379 |
||
| 942 |
_2ddc _cBK |
||
| 999 |
_c544515 _d544515 |
||